Personnages de fiction dans les romans français. - Statistiques

Statistiques générales
  • Ce quiz a été pris 936 fois
  • Le résultat moyen est 5 sur 15
Statistiques - réponses
Description Nom % Correct
Un amoureux des fonds marins avant l'heure. Le capitaine Nemo
62%
Elle vie sa vie a travers les livres... puis ses amants. Madame Bovary
62%
Envoyé injustement en prison, il fommente une vengeance terrible. Edmond Dantès
60%
Famille qui martyrise une pauvre "Cendrillon" sous la Révulotion française. Les Thénardier
42%
Fameux géant qui inspira Gustave Doré et fut créé sous le pseudonyme Alcofribas Nasier. Gargantua
41%
Globe-trotteur ambitieux aux moyens de transports originaux. Phileas Fogg
37%
Triste colonel à la famille abjecte. Hyacinthe Chabert
34%
Personnage récurrent du théâtre comique de JB Poquelin. Sganarelle
34%
Homme d'église tiraillé par l'amour dans le vieux Paris du XVe siècle. Claude Frollo
25%
Coiffeur, valet, multitache qui aime les bons mots. Figaro
23%
Libertain notoire il séduit et déflore les jeunes filles de bonne famille pour gagner des paris. Le vicomte de Valmont
19%
Le Sherlock Holmes ou Hercules Poirot à la française. Joseph Joséphin
15%
Une souillon amoureuse de deux jumeaux: Sylvain et Landry. Françoise Fadet
9%
Sous-secréaire général de la SDN, il séduit une femme mariée à l'un de ses collaborateurs. Solal des Solal
6%
Femme réveillée après une longue période de congélation. Elea
4%
Aucun quiz correspondant
Distribution des résultats
% des personnes avec chaque résultat
Percentile par nombre de réponses
Votre historique - résultats
Vous n’avez pas pris ce quiz